| 000 | 00000nam 2200000zi 4500 |
| 001 | 9.904838 |
| 003 | CaOODSP |
| 005 | 20250107144056 |
| 006 | m o d f |
| 007 | cr cn||||||||| |
| 008 | 211112t20212021onca obs f000 0 eng d |
| 020 | |a9780660409078 |
| 040 | |aCaOODSP|beng|erda|cCaOODSP |
| 043 | |an-cn--- |
| 045 | |ay1y2 |
| 086 | 1 |aCS11-627/2021-89E-PDF |
| 245 | 00|aGovernment spending by function, 2020/2021. |
| 264 | 1|a[Ottawa] : |bStatistics Canada = Statistique Canada, |c[2021] |
| 264 | 4|c©2021 |
| 300 | |a1 online resource (1 page) : |bcolour illustrations |
| 336 | |atext|btxt|2rdacontent |
| 337 | |acomputer|bc|2rdamedia |
| 338 | |aonline resource|bcr|2rdacarrier |
| 500 | |aIssued also in French under title: Dépenses des administrations publiques selon la fonction, 2020-2021. |
| 500 | |aIssued also in HTML format. |
| 504 | |aIncludes bibliographical references. |
| 520 | |a"This infographic features government spending data in Canada for the 2020/2021 fiscal year. It gives a breakdown of expenses by the socio-economic purpose for which the funds are used"--Provided by publisher. |
| 651 | 0|aCanada|xAppropriations and expenditures|vStatistics. |
| 651 | 5|aCanada|xAppropriations and expenditures, Provincial|vStatistics. |
| 655 | 7|aStatistics|2lcgft |
| 710 | 2 |aStatistics Canada, |eissuing body. |
| 775 | 08|tDépenses des administrations publiques selon la fonction, 2020-2021.|w(CaOODSP)9.904839 |
| 856 | 40|qPDF|s698 KB|uhttps://publications.gc.ca/collections/collection_2021/statcan/11-627-m/11-627-m2021089-eng.pdf |
| 856 | 4 |qHTML|sN/A|uhttps://www150.statcan.gc.ca/n1/pub/11-627-m/11-627-m2021089-eng.htm |
| 986 | |a11-627-M |